Speech Enhancement Theory And Practice (Record no. 317597)
[ view plain ]
| 000 -LEADER | |
|---|---|
| fixed length control field | 00420nam a2200157Ia 4500 |
| 008 - FIXED-LENGTH DATA ELEMENTS--GENERAL INFORMATION | |
| fixed length control field | 230718s9999 xx 000 0 und d |
| 041 ## - LANGUAGE CODE | |
| Language code of text/sound track or separate title | eng |
| 082 ## - DEWEY DECIMAL CLASSIFICATION NUMBER | |
| Classification number | 621.382'2 |
| Item number | LOI |
| 100 ## - MAIN ENTRY--PERSONAL NAME | |
| Personal name | Loizou P.C. |
| 245 ## - TITLE STATEMENT | |
| Title | Speech Enhancement Theory And Practice |
| 260 ## - PUBLICATION, DISTRIBUTION, ETC. (IMPRINT) | |
| Name of publisher, distributor, etc. | Tata Mc Graw Hill |
| 300 ## - PHYSICAL DESCRIPTION | |
| Extent | 608 |
| Accompanying material [OBSOLETE, CAN/MARC] | Ref 994 E ME (28803) |
| 365 ## - TRADE PRICE | |
| Currency code | Rs. |
| Price amount | 3874.00 |
| 700 ## - ADDED ENTRY--PERSONAL NAME | |
| Personal name | Loizou P.C. |
| 906 ## - LOCAL DATA ELEMENT F, LDF (RLIN) | |
| d | B:226019-Oct-2007 |
| c | ME ETC |
| Withdrawn status | Lost status | Damaged status | Not for loan | Home library | Current library | Date acquired | Vendor | Budget Code | Cost, normal purchase price | Bill number | Total Checkouts | Full call number | Barcode | Checked out | Date last seen | Date last checked out | Cost, replacement price | Bill Date | Koha item type | Original Barcode |
|---|---|---|---|---|---|---|---|---|---|---|---|---|---|---|---|---|---|---|---|---|
| Cummins College of Engineering for Women Pune | Cummins College of Engineering for Women Pune | 24/10/2007 | Tbs | ME ETC | 3874.00 | 2260 | 1 | 621.382'2 | CCEP-BK-28804 | 30/12/2025 | 03/07/2025 | 03/07/2025 | 3874.00 | 19/10/2007 | Books | 028804 |